000
00483nam a2200145Ia 4500
008
100122s9999 xx 000 0 und d
082
_b
13404
_a
823
100
_a
बोकील वि वि
245
_a
वाट चुकलेले नवरे
260
_b
पंडित अनंत कुलकर्णी
_c
1963
300
_a
109
630
_a
वाट चुकलेले नवरे
730
_a
वाट चुकलेले नवरे
942
_c
BOOK
999
_c
404226
_d
404223